书目信息 |
| 题名: |
威尔第艺术歌曲选
|
|
| 作者: | 威尔第 作曲 ;贾涛 译配 | |
| 分册: | ||
| 出版信息: | 北京 中央音乐学院出版社 2008.12 |
|
| 页数: | 147页 | |
| 开本: | 30cm | |
| 丛书名: | 意大利歌剧大师艺术歌曲系列 | |
| 单 册: | ||
| 中图分类: | J652.4(546) | |
| 科图分类: | ||
| 主题词: | 歌剧--歌曲--意大利--近代--选集 , 歌剧 , 歌曲 | |
| 电子资源: | ||
| ISBN: | 978-7-81096-229-2 | |
| 000 | 00948oam2 2200289 450 | |
| 001 | 010700065788 | |
| 005 | 20091230085237.26 | |
| 010 | @a978-7-81096-229-2@dCNY28.00 | |
| 100 | @a20090406d2008 em y0chiy0110 ea | |
| 101 | 1 | @achi@cita |
| 102 | @aCN@b110000 | |
| 105 | @acg z 000yy | |
| 106 | @ar | |
| 200 | 1 | @a威尔第艺术歌曲选@9wei er di yi shu ge qu xuan@f贾涛译配 |
| 210 | @a北京@c中央音乐学院出版社@d2008.12 | |
| 215 | @a147页@c肖像@d30cm | |
| 225 | 2 | @a意大利歌剧大师艺术歌曲系列 |
| 330 | @a本书共收录了威尔第16首歌曲。大部分曲子,按传统习惯男女均可选唱,并可按实际的音域移调使用。 | |
| 461 | 0 | @12001 @a意大利歌剧大师艺术歌曲系列 |
| 606 | 0 | @a歌剧@x歌曲@y意大利@z近代@j选集 |
| 606 | 0 | @a歌剧 |
| 606 | 0 | @a歌曲 |
| 690 | @aJ652.4(546)@v4 | |
| 701 | 0 | @a威尔第@9wei er di@c(Verdi, Giuseppe@f1813~1901)@4作曲 |
| 702 | 0 | @a贾涛@9jia tao@4译配 |
| 801 | 0 | @aCN@bRENTIAN@c20091230 |
| 905 | @b20798829-33@dJ652.4(546)@e515@f5 | |
| 威尔第艺术歌曲选/贾涛译配.-北京:中央音乐学院出版社,2008.12 |
| 147页:肖像;30cm.-(意大利歌剧大师艺术歌曲系列) |
| ISBN 978-7-81096-229-2:CNY28.00 |
| 本书共收录了威尔第16首歌曲。大部分曲子,按传统习惯男女均可选唱,并可按实际的音域移调使用。 |
| ● |
| 相关链接 |
|
|
|
|
正题名:威尔第艺术歌曲选
索取号:J652.4(546)/515
 
预约/预借
| 序号 | 登录号 | 条形码 | 馆藏地/架位号 | 状态 | 备注 |
| 1 | 798829 | 207988294 | 第一样本阅览室/ [索取号:J652.4(546)/515] | 在馆 | |
| 2 | 798830 | 207988301 | 第一借阅区/ [索取号:J652.4(546)/515] | 在馆 | |
| 3 | 798831 | 207988310 | 第一借阅区/ [索取号:J652.4(546)/515] | 在馆 | |
| 4 | 798832 | 207988329 | 第一借阅区/ [索取号:J652.4(546)/515] | 在馆 | |
| 5 | 798833 | 207988338 | 第一借阅区/ [索取号:J652.4(546)/515] | 在馆 |